| 000 | 00607nam a22001937a 4500 | ||
|---|---|---|---|
| 003 | OSt | ||
| 005 | 20260318010627.0 | ||
| 008 | 260318b |||||||| |||| 00| 0 eng d | ||
| 020 | _a0-13-183779-6. | ||
| 040 |
_aDWCL Main lib _cOC |
||
| 082 |
_28th ed. _aCirc. 620.11 B927e 2005 |
||
| 100 | _aBudinski, Kenneth G. | ||
| 245 |
_aEngineering materials : _bproperties and selection 8th ed. _cKenneth G. Budinski |
||
| 250 | _a8th ed. | ||
| 260 |
_aN. J. : _bPearson/Prentice-Hall, _cc2005. |
||
| 300 |
_axiii, 855 p. : _bill. ; _c24 cm. |
||
| 650 | _a1. Materials. | ||
| 942 |
_2ddc _cBK-CIRC _e8th ed. _kCirc. _n0 |
||
| 999 |
_c9251 _d9251 |
||